00465nam a2200145 a 450000500170000000800410001702000150005805000170007310000260009024500410011626000370015752000880019465000220028265000150030420140414132111.0110513s19uu xx 00 eng d a0439050219 aTRbR13 2000 aShannon, David, 1959- aThe rain came down /cDavid Shannon. aNew York :bScholastic ,cc2000. aAn unexpected rain shower causes quarreling among the members of a small community. aRain and rainfall aQuarreling